000 00390nam a22001577a 4500
005 20160903123152.0
008 160903b xxu||||| |||| 00| 0 eng d
020 _a81-89304-49-6
041 _aeng
082 _b20917
100 _aJAYANTHI, C AND OTHERS
_93459
245 _aFARMING SYSTEM PRINCIPLES & PRACTICES
260 _bS.S. PUBLICATION HOUSE
_c2008
300 _a331
942 _cBK
999 _c5164
_d5162